| 000 | 00839nam a2200217Ia 4500 | ||
|---|---|---|---|
| 001 | 18261 | ||
| 005 | 20260316155605.0 | ||
| 008 | 260306s9999||||xx |||||||||||||| ||und|| | ||
| 041 | _aESP | ||
| 082 |
_a658.402 _bD15 2019 |
||
| 100 |
_aDaft, Richard L. _eAUT |
||
| 245 | 0 | _aTeoría y diseño organizacional | |
| 260 | _c2019 | ||
| 300 |
_avarias paginaciones : _c27 cm. |
||
| 650 | _aGEN | ||
| 654 | _aCAN | ||
| 856 |
_uhttps://itmsp.museknowledge.com/UCSP?url=https://www.ebooks7-24.com:443/?il=9265&pg=1 _zVersión digital |
||
| 856 |
_uhttps://0u213sn1t-y-https-ebooks7--24-com.itmsp.museknowledge.com/biblioteca.aspx _zVéase además: Base de datos Ebook7-24 |
||
| 856 |
_uhttps://0u20fsn1v-y-https-research-ebsco-com.itmsp.museknowledge.com/c/qxo6us/search _zVéase además: Base de datos EBSCOhost |
||
| 942 |
_cLIB _dJUS _fJUS _2ddc |
||
| 999 |
_c18261 _d18261 |
||